Audiovizuální prostředky : Technika, tvorba využití /

Gespeichert in:
Bibliographische Detailangaben
1. Verfasser: Baran, L (Verfasst von)
Format: Buch
Sprache:Tschechisch
Veröffentlicht: Praha : SNTL, 1978
Ausgabe:1.vyd.
Tags: Tag hinzufügen
Keine Tags, Fügen Sie das erste Tag hinzu!

MARC

LEADER 00000nam a22000003a 4500
001 stu9766
005 20150617225804.9
008 970512s1978----cs------------------cze-d
040 |a STU  |b slo 
041 0 |a cze 
044 |a cs 
080 |a 621.397.4 
080 |a 681.84/.85 
100 1 |a Baran, L  |4 aut 
245 1 |a Audiovizuální prostředky :  |b Technika, tvorba využití /  |c [aut.] Baran,L 
250 |a 1.vyd. 
260 |a Praha :  |b SNTL,  |c 1978 
300 |a 325 s 
996 |b 284EK04649  |c E*41361  |l EE01  |s A  |a 24  |w stu9766_0001 
996 |b 284EK04648  |c E*41437  |l EE0101  |s P  |a 0  |w stu9766_0002